000 00546nam a2200169 a 4500
001 000036069
005 20260305073959.0
008 111125s1995 dr 000 0 spa d
040 _aDO-SdBNP
_bspa
_cBNPHU
041 1 7 _aspa
_beng
082 _axxx
_bG377
100 1 _aGerón, Candido,
_d1948-
_93577
245 1 0 _aPintores extranjeros y dominicanos = Foreing and Dominican painters :
_b1936-1995 /
_cCándido Gerón.
260 _aSanto Domingo :
_bAlfa Omega,
_c1995.
300 _a152 p. :
_bil., retr. ;
_c30 cm.
500 _aTexto en dos idiomas
999 _c35560
_d35560